Lyrics to 'The Cave' by Mumford & Sons - Statistics

General Stats
  • This quiz has been taken 31 times
  • The average score is 246 of 298
Answer Stats
Answer % Correct
a
100%
And
100%
and
100%
I
100%
the
100%
The
100%
you
100%
You
100%
your
100%
hear
95%
in
95%
it
95%
It's
95%
it's
95%
of
95%
to
95%
To
95%
will
95%
as
91%
be
91%
heart
91%
I'll
91%
know
91%
let
91%
me
91%
no
91%
on
91%
On
91%
valley
91%
all
86%
can
86%
empty
86%
hold
86%
left
86%
my
86%
pain
86%
take
86%
won't
86%
around
82%
Away
82%
behind
82%
call
82%
choke
82%
for
82%
from
82%
have
82%
is
82%
mine
82%
name
82%
neck
82%
see
82%
slowly
82%
sun
82%
walk
82%
what
82%
yours
82%
again
77%
But
77%
called
77%
cave
77%
change
77%
eat
77%
food
77%
hope
77%
strength
77%
ways
77%
you've
77%
at
73%
eater
73%
noose
73%
So
73%
down
68%
fears
68%
find
68%
meat
68%
mind
68%
not
68%
Now
68%
now
68%
rises
68%
say
68%
seen
68%
shame
68%
When
68%
world
68%
cannibal
64%
make
64%
out
64%
upside
64%
broken
59%
come
59%
defeat
59%
hands
59%
hanging
59%
life
59%
siren's
59%
things
59%
time
59%
truth
59%
understand
59%
Cause
55%
how
55%
live
55%
tears
55%
walking
55%
want
55%
Which
55%
dependence
50%
faults
50%
harvest
50%
meant
50%
other
50%
post
50%
same
50%
despite
45%
ears
45%
fill
45%
freedom
45%
growing
45%
maker's
45%
need
45%
orphans
45%
refresh
45%
sing
45%
tie
45%
block
41%
through
41%
land
27%
windows
18%
No matching quizzes found
Score Distribution
Percent of People with Each Score
Percentile by Number Answered
Your Score History
You have not taken this quiz